000 00786nam a22002173a 4500
005 20240419063725.0
008 011016s1995 mx fr 000 0 spa d
020 _a8478691871
035 _aUPN01000114138
049 _aCE
050 4 _aLB1140.5 L3
_bY9.2
100 1 _aYuste Hernanz, Carlos
_929510
245 1 0 _aConceptos básicos especiales :
_bdesarrollo del lenguaje y preparación a la lectura : educación infantil : segundo ciclo /
_cCarlos Yuste Hernanz, Manuel Trallero Sanz.
260 _aMadrid :
_bCEPE,
_c1995.
300 _a128 p. :
_bil. , col.
440 0 _aProgresint ;
_v1
650 4 _aComunicación oral
_xEstudio y enseñanza (Preescolar)
_96705
650 4 _aComunicación no verbal
_95510
700 1 _aTrallero Sanz, Manuel,
_ecoaut.
_931808
905 _aLibro
999 _c88046
_d88046